000 00736nam a22002417a 4500
005 20170124105915.0
010 _aA-255108
020 _c00.00
_a0060101547
035 _aA-255108
037 _bCen Lib/Ret
040 _aDPL
_bEN
082 _a483
_bBAR
100 _aBarnhart, Clarence L.
_9107110
245 _aSecond barnhart dictionary /
_cby Clarence L. Barnhart, Sol Steimetz [and] Robert K. Barnhart
260 _aNew York
_bBrnhart Books
_c1980
270 _bNew York
300 _axv,520p.
_c22cm(Hb)
650 _aEnglish
_vDictionary
_9107111
700 _aBarnhart, Clarence
_9107112
700 _aSteinmetz Sol
_9107113
700 _abarnhart, Robert K.
_9107114
942 _2ddc
_cEN
_h483
_mBAR
999 _c122777
_d122777